00611pab a2200193 454500008004000000100001900040245009000059260000900149300001700158362000800175650003100183650001500214700001700229773002900246908000600275909001100281999001900292952010600311180718b2013 xxu||||| |||| 00| 0 eng d aMertens, Karel aThe dynamic effects of personal and corporate income tax changes in the United States c2013 ap.1212-1247. aJun aIncome tax - United States aIncome tax aRavn, Morten aAmerican Economic Review aN a100602 c100601d100601 00104070aIIPAbIIPAd2018-07-19hVolume no: 103, Issue no: 4pAR101062r2018-07-19w2018-07-19yAR